_Taxation CPA Study Text / Strathmore University (Record no. 7223)
[ view plain ]
| 000 -LEADER | |
|---|---|
| fixed length control field | 00403nam a2200133Ia 4500 |
| 008 - FIXED-LENGTH DATA ELEMENTS--GENERAL INFORMATION | |
| fixed length control field | 151021s9999 xx 000 0 und d |
| 050 ## - LIBRARY OF CONGRESS CALL NUMBER | |
| Classification number | HJ 2920.9 .S39 2009 |
| 245 ## - TITLE STATEMENT | |
| Title | _Taxation CPA Study Text / Strathmore University |
| 260 ## - PUBLICATION, DISTRIBUTION, ETC. (IMPRINT) | |
| Place of publication, distribution, etc. | Nairobi : Strathmore University 2009 |
| 300 ## - PHYSICAL DESCRIPTION | |
| Extent | v,327 p. |
| 500 ## - GENERAL NOTE | |
| General note | Includes index |
| 650 ## - SUBJECT ADDED ENTRY--TOPICAL TERM | |
| Topical term or geographic name as entry element | _Theory of Taxation |
| 980 ## - EQUIVALENCE OR CROSS-REFERENCE-SERIES STATEMENT--PERSONAL NAME/TITLE [LOCAL, CANADA] | |
| Personal name | ^d20110509 02:27:56^okilerai |
No items available.